000 nam a22 a 4500
999 _c444090
_d444090
003 BLK
005 20220208124839.0
008 220208b bu |||||r|||| 00| | bu d
040 _aBLK
041 _aBUL
_cBUL
080 _aКомунистически партии. Вж и 327.323
_b329.15
_x(47+57)(09)
_z329.15(47+57)(09)
100 _91299
_aКосулников, А. П.
_eпърви автор
139 _aКосулников, А. П.
245 _aЗа произведението на В. И. Ленин "Две тактики на социалдемокрацията в демократическата революция"
_cА. П. Косулинков ; прев. от рус. Райна Кръстева
260 _9212206
_aСофия
_bБКП
_c1953
300 _a43 с.
_c16 см
380 _a3
650 0 _9249570
_aКПСС - история
653 7 _9189302
_aКПСС
653 7 _9189796
_aЛенин
653 0 _9408971
_aфилософски произведения
700 _9378539
_aКръстева, Райна
_eпрев. от рус.
852 _aЦб I 1141
_bО
942 _cKNG
_n0
_s1
944 _aCR
_c2022-02-08
_kХристина Везирева